000 00678nam a2200193Ii 4500
003 JO-AjNU
008 230605s9999||||xx |||||||||||||| ||und||
040 _aJO-AjNU
_bara
_erda
_cJO-AjNU
041 _aara
050 1 4 _aRA425 1983
100 3 _aجرجي، فيلكس واخرووون ,
_eauthor
_952913
245 0 0 _aالصحة العامة والخدمات الصحية لطلبة معاهد المهن الصحية العالية العراقية
264 3 1 _aالعراق : د.ن ،1983
300 _a214ص
336 _atext
_btxt
_2rdacontent
337 _aunmediated
_bn
_2rdamedia
338 _avolume
_bnc
_2rdacarrier
650 4 _aالصحة العامة
_952914
999 _aA23467
_c27035
_d27035